Social psychology : (Record no. 5339)
[ view plain ]
| 000 -LEADER | |
|---|---|
| fixed length control field | 00917cam a2200193 a 4500 |
| 020 ## - INTERNATIONAL STANDARD BOOK NUMBER | |
| ISBN | 0205440045 |
| 020 ## - INTERNATIONAL STANDARD BOOK NUMBER | |
| ISBN | 9780205440047 |
| 050 00 - CALL NUMBER | |
| Classification number | HM1033 |
| Item number | .R64 |
| 100 1# - AUTHOR | |
| Personal name | Rohall, David E. |
| 245 10 - TITLE | |
| Title | Social psychology : |
| Remainder of title | sociological perspectives / |
| Statement of responsibility, etc | David E. Rohall, Melissa A. Milkie, Jeffrey W. Lucas. |
| 260 ## - PUBLICATION INFORMATION | |
| Place of publication | Boston, MA : |
| Name of publisher | Pearson/Allyn and Bacon, |
| Year of publication | c2007. |
| 300 ## - DESCRIPTION | |
| Number of Pages | xxi, 330 p. : |
| Other physical details | ill. ; |
| Dimensions | 23 cm. |
| 500 ## - NOTES | |
| General note | Includes index. |
| 505 ## - FORMATTED CONTENTS NOTE | |
| Table of Content | Introduction to sociological psychology --<br/>Perspectives in sociological social psychology --<br/>A social psychology of stratification --<br/>Socialization over the life course --<br/>The social psychology of deviance --<br/>Mental health and illness --<br/>Attitudes, values and behaviors --<br/>The sociology of sentiment and emotion --<br/>Collective behavior. |
| 650 #0 - SUBJECTS | |
| Topical Term | Social psychology. |
| 700 1# - OTHER AUTHORS | |
| Personal name | Milkie, Melissa A. |
| 700 1# - OTHER AUTHORS | |
| Personal name | Lucas, Jeffrey W. |
| 942 ## - ADDED ENTRY ELEMENTS (KOHA) | |
| Koha item type | Books |
| Withdrawn status | Lost status | Collection code | Home library | Current library | Shelving location | Date acquired | Full call number | Accession Number | Koha item type |
|---|---|---|---|---|---|---|---|---|---|
| Reference | Methodist University Library Main | Methodist University Library Main | General Stacks | HM1033 .R64 | 19340 | Books | |||
| Reference | Methodist University Library Main | Methodist University Library Main | General Stacks | HM1033 .R64 | 19341 | Books |